Catálogo
 En Linea

Ambar, maravilloso tesoro nuestro = Amber, our maravellous treasure / (Registro nro. 29501)

Detalles MARC
000 -CABECERA
campo de control de longitud fija 00549nam a2200169 a 4500
001 - NÚMERO DE CONTROL
campo de control 000030009
005 - FECHA Y HORA DE LA ÚLTIMA TRANSACCIÓN
campo de control 20200930055957.0
008 - DATOS DE LONGITUD FIJA--INFORMACIÓN GENERAL
campo de control de longitud fija 110428s197u dr 000 0 spa d
040 ## - FUENTE DE LA CATALOGACIÓN
Centro catalogador/agencia de origen DO-SdBNP
Lengua de catalogación spa
Centro/agencia transcriptor BNPHU
041 17 - CÓDIGO DE LENGUA
Código de lengua del texto/banda sonora o título independiente spa
Código de lengua del sumario o resumen eng
082 ## - NÚMERO DE LA CLASIFICACIÓN DECIMAL DEWEY
Número de clasificación xxx
Número de documento/Ítem P948a
100 1# - ENTRADA PRINCIPAL--NOMBRE DE PERSONA
Nombre de persona Priego, Joaquín
9 (RLIN) 38643
245 10 - MENCIÓN DE TÍTULO
Título Ambar, maravilloso tesoro nuestro = Amber, our maravellous treasure /
Mención de responsabilidad, etc. Joaquín Priego.
246 11 - FORMA VARIANTE DE TÍTULO
Título propio/Titulo breve Amber, our maravellous treasure
260 ## - PUBLICACIÓN, DISTRIBUCIÓN, ETC.
Lugar de publicación, distribución, etc. Santo Domingo :
Nombre del editor, distribuidor, etc. Centro Nacional de Artesanía,
Fecha de publicación, distribución, etc. [19--?].
300 ## - DESCRIPCIÓN FÍSICA
Extensión 19 cm. ; :
Otras características físicas 22 cm.
Existencias
Estado de retiro Estado de pérdida No para préstamo Código de colección Localización permanente Ubicación/localización actual Ubicación en estantería Fecha de adquisición Número de inventario Total de préstamos Signatura topográfica completa Código de barras Fecha visto por última vez Precio válido a partir de Tipo de ítem Koha Número de copia
    Excluido de préstamo Patrimonio Dominicano Patrimonio Dominicano Patrimonio Dominicano En catalogación 28.04.2011 LF1   xxx P948a 30009-10 25.06.2020 25.06.2020 Libro y Folleto Colección Patrimonio Dominicano  
    Excluido de préstamo Patrimonio Dominicano Patrimonio Dominicano Patrimonio Dominicano En catalogación 28.04.2011 LF1   xxx P948a 30009-20 25.06.2020 25.06.2020 Libro y Folleto Colección Patrimonio Dominicano e. 2

Con tecnología Koha